Movies Quiz

Random Movies Quiz

Movie by Shocking Couple Quiz Stats

 Plays Quiz Updated Feb 22, 2018

Challenge
Share
Tweet
Score 0/20 Timer 05:00
0 Plays Today
% Correct
The Empire Strikes Back- They're twins!
99.3%
Beauty & the Beast- It's just beastly
97.5%
Superman II- He's from Krypton!
97.5%
Avatar- She's from Pandora!
96.4%
Elf- Santa will NOT be happy
96.1%
The Little Mermaid- She's a fish!
96%
King Kong- He's a mutant gorilla!
95.8%
Casper- He's dead!
94.9%
The Muppets Take Manhattan- Frog legs and bacon
93.8%
Shrek- One's a dragon, the other's an...
93.6%
% Correct
Twilight- Sparkly. 104 year-old. Vampire.
92%
Pretty Woman- Illegal in 49 states
90%
Ghost- Seriously, enough dead people
89.5%
The Graduate- Seduction: complete
75.2%
Bride of Chucky- They're killer dolls!
74.5%
Corpse Bride- She's dead!
73.8%
Misery- One word: Sledgehammer
72.5%
Hannibal- Two words: Fava beans
67%
Terminator- He's not even born yet!
58.2%
The Fly- Help Meeeeeeeee!
49.6%

You're not logged in!

Compare scores with friends on all Sporcle quizzes.
Join for Free
OR
Log In

You Might Also Like...

Show Comments

Extras

Top Quizzes Today


Score Distribution

Your Account Isn't Verified!

In order to create a playlist on Sporcle, you need to verify the email address you used during registration. Go to your Sporcle Settings to finish the process.

Report this User

Report this user for behavior that violates our Community Guidelines.

Details: